000 00699nam a2200277Ia 4500
001 Z_3121
003 CHAP
008 220113s1972 xx 000 0 und d
010 _a166224
040 _cCHAP
082 _a632.9 N3
100 _aNational Research Council. Washington
_9137241
245 _aPest control ; strategies for the future /
_cNational Research Council. Washington
260 _aWashington, D. C :
_bNational Academy of Sciences,
_c1972
300 _a376 p. ; ilus.
440 _a
500 _a
503 _aDONACIÓN
650 _aControl de plagas
_927595
901 _a632.9 N3
902 _aA
910 _a1972
942 _c1
942 _cc1
999 _c166224
_d166224